| 000 | 00433nam a22001457a 4500 | ||
|---|---|---|---|
| 020 | _a9789332543539 | ||
| 082 | _a621.3815 KOT | ||
| 100 | _aD. P. Kothari | ||
| 245 | _aDigital circuits and design | ||
| 260 |
_aNew Delhi _bPearson _c2016 |
||
| 300 |
_aPV _bill.; |
||
| 650 |
_aDigital circuits _aNumber systems _aDigital logic _aSequential circuits _aCombinational circuits _aAirthmetic operation |
||
| 700 | _aJ. S. Dhillon | ||
| 942 | _cBK | ||
| 999 |
_c13547 _d13547 |
||